| 000 | 01050nam a2200289 a 4500 | ||
|---|---|---|---|
| 001 | 24382 | ||
| 003 | BD-RjUL | ||
| 005 | 20211209001038.0 | ||
| 008 | 140313r19391949enk 001 0 eng d | ||
| 035 | _aoxf98700458 | ||
| 035 | _a(BD-RjUL)24448 | ||
| 040 |
_aDMM _cDMM _beng _dBD-RjUL |
||
| 041 | _aeng | ||
| 082 |
_a942.07 _bWIW 1949 |
||
| 100 | 1 |
_aWilliams, Basil, _d1867-1950. _975060 |
|
| 245 | 1 | 4 |
_aThe Whig supremacy, 1714-1760 / _cby Basil Williams. |
| 260 |
_aOxford : _bClarendon Press, _c1939 [Reprinted 1949]. |
||
| 300 |
_axviii, [2], 464 p. : _bmaps, plan ; _c22 cm. |
||
| 500 | _a"First published 1939; reprinted with corrections, 1942, 1945, 1949." | ||
| 504 | _aBibliography: p. [408]-440 and index. | ||
| 650 |
_aPolitics and government _975061 |
||
| 651 | 0 |
_aGreat Britain _xPolitics and government _y1714-1760. _975062 |
|
| 651 | 0 |
_aGreat Britain _xHistory _yGeorge I, II, 1714-1760. _975063 |
|
| 651 | 0 |
_aGreat Britain _xSocial conditions _y18th century. _975064 |
|
| 830 | 0 |
_aOxford history of England _981998 |
|
| 942 |
_2ddc _cBK |
||
| 999 |
_c24382 _d24382 |
||